000 01282nam a22002537a 4500
005 20090721110539.0
008 090721t xxu||||| |||| 00| 0 hin d
010 _aHIN-87387
020 _a8189102700
_c250.00
035 _aHN-59733
037 _bDBAD / PUB
040 _adpl
_bhn
082 _a305.231
100 _aयादव, रजनी
245 _aबाल विकासः मनोसामाजिक विश्लेषण /
_bरजनी यादव
246 _aBaala vikaasa: manosamaajika vishleshana
_bby Rajani Yadav
260 _aदिल्ली
_bप्रेरणा प्रकाशन
_c2009
270 _aसी-13, रोज अपार्टमेन्ट, सैक्टर-14 एक्सटेंशन, प्लॉट नं. डी-5, रोहिणी
_bदिल्ली
_e110085
_k011-23290142, 011-27241050, 9868028838
300 _a264पृ.
_c22सेमी (अजिल्द)
650 _aबाल विकास
650 _aChild development
942 _2ddc
_cHN
_mयादव
_h305.231
999 _c28477
_d28477